| 000 | 00548nam a2200157Ia 4500 | ||
|---|---|---|---|
| 008 | 160316s1991 xxu||||| |||| 00| 0 eng d | ||
| 082 |
_a320.000000 _bCRO-II |
||
| 100 | _aCrotty William | ||
| 245 | _aComparative politics, policy and international relations.Vol.II | ||
| 250 | _a | ||
| 260 |
_aIllinois _bNorthwestern University Press _c1991 |
||
| 300 |
_a294p _b _cvii |
||
| 365 | _bRs.750 Set | ||
| 650 | _a1.Political Scinece - Comprehensive Politics 2.Political Scinece - International Relations 3.Politics - Government - U S A | ||
| 700 |
_a _a |
||
| 999 |
_c13343 _d13343 |
||